000
00265nam a2200109Ia 4500
008
240625s9999 xx 000 0 und d
041
_a
eng
082
_a
658.404 SCH
100
_a
SCHWALBE KATHY
245
_a
INFORMATION TECHNOLOGY PROJECT MANAGEMEN
260
_c
2006
999
_c
33564
_d
33564